Codes nationaux des aéroports - OACI (Europe) - Trouve le code - Statistiques

Statistiques générales
  • Ce quiz a été pris 24 fois
  • Le résultat moyen est 31 sur 53
Statistiques - réponses
Pays Préfixe % Correct
Allemagne(code civil) ED
84%
Espagne LE
84%
France LF
84%
Italie LI
84%
Belgique EB
79%
Irlande EI
79%
Luxembourg EL
79%
Roumanie LR
79%
Islande(code spécifique à l'Atlantique Nord) BI
74%
Finlande EF
74%
Royaume-Uni EG
74%
Pays-Bas EH
74%
Norvège EN
74%
Suède ES
74%
Albanie LA
74%
Chypre LC
74%
Grèce LG
74%
Hongrie LH
74%
Malte LM
74%
Autriche LO
74%
Portugal (et territoiresinsulaires européens) LP
74%
Suisse LS
74%
Pologne EP
68%
Turquie LT
68%
Îles Canaries GC
63%
Bulgarie LB
63%
Russie (citer un des 11 codes) UE/UH/ UI/ UL/ UM/ UN/ UO/ UR/ US/ UU/ UW
63%
Ukraine UK
63%
Groenland(code spécifique à l'Atlantique Nord) BG
58%
Estonie EE
58%
Danemark EK
58%
Allemagne(code militaire) ET
58%
Croatie LD
58%
Saint-Pierre-et-Miquelon(non européen mais réutilise un code européen) LF
58%
Tchéquie LK
58%
Lettonie EV
47%
Israël(utilise un code européen) LL
47%
Monaco (héliport) LN
47%
Lituanie EY
42%
Gibraltar LX
42%
Azerbaïdjan UB
42%
Slovénie LJ
37%
Serbie LY
37%
Slovaquie LZ
37%
Kazakhstan(un autre pays [entièrement] extra-européen utilise également ce code) UA
37%
Arménie UD
37%
Biélorussie(partage son unique code avec un autre état) UM
37%
Macédoine du Nord LW
32%
Géorgie UG
32%
Bosnie-Herzégovine LQ
26%
Monténégro(partage son code européen avec un autre état) LY
26%
Moldavie LU
21%
Palestine(non reconnu par l'ONU, dispose de son propre code européen indépendant de celui d'Israël) LV
21%
Aucun quiz correspondant
Distribution des résultats
% des personnes avec chaque résultat
Percentile par nombre de réponses
Votre historique - résultats
Vous n’avez pas pris ce quiz